|
|
|
|
| LEADER |
00700nta a2200205 i 4500 |
| 001 |
dokt5987 |
| 005 |
20220622155451.0 |
| 008 |
220622s1985 hu om 0|| hun d |
| 040 |
|
|
|a SZTE Doktori Repozitórium
|b hun
|
| 041 |
|
|
|a hun
|
| 100 |
1 |
|
|a Hagymásy Katalin
|
| 245 |
1 |
0 |
|a Napközi otthonaink nevelőmunkájának kialakulása és fejlődése
|h [elektronikus dokumentum] /
|c Hagymásy Katalin
|
| 260 |
|
|
|c 1985
|
| 502 |
|
|
|a Disszertacio
|
| 650 |
|
4 |
|a neveléstudományok
|
| 650 |
|
4 |
|a Társadalomtudományok
|
| 650 |
|
4 |
|a Oktatástudomány
|
| 695 |
|
|
|a Pedagógia
|
| 700 |
1 |
|
|a nincs megadva
|e ths
|
| 856 |
4 |
0 |
|u https://doktori.bibl.u-szeged.hu/id/eprint/5987/1/1985_hagymasy_katalin.pdf
|z Dokumentum-elérés
|